Quileute Pack (Twilight) Quiz Stats

 Plays Quiz Updated Sep 13, 2019

Score 0/10 Timer 02:00
1 Play Today
Pack Member % Correct
Jacob Black
99.1%
Sam Uley
91.3%
Leah Clearwater
80.3%
Quil Ateara
79.9%
Seth Clearwater
78.3%
Paul
68.6%
Embry Call
68.4%
Jared
49%
Collin
32.6%
Brady
29%

You're not logged in!

Compare scores with friends on all Sporcle quizzes.
OR
Log In

Sporcle TV

Today on Sporcle TV


Watch our educational content, quiz creation guides, and fun videos on Sporcle TV.

Show Comments

Extras

Top Quizzes Today


Score Distribution

Your Account Isn't Verified!

In order to create a playlist on Sporcle, you need to verify the email address you used during registration. Go to your Sporcle Settings to finish the process.

Report this User

Report this user for behavior that violates our Community Guidelines.

Details: